Najludniejsze miasto każdego państwa Europy - Statystyki

Ogólne statystyki
  • Ten quiz został rozwiązany 1 059 razy
    549 od ostatniego zresetowania
  • Średni wynik to 36 z 46
Statystyki odpowiedzi
Państwo Miasto % Poprawnych
Hiszpania Madryt
96%
Francja Paryż
95%
Czechy Praga
95%
Polska Warszawa
95%
Grecja Ateny
94%
Białoruś Mińsk
94%
Austria Wiedeń
94%
Niemcy Berlin
93%
Holandia Amsterdam
92%
Dania Kopenhaga
92%
Andora Andora
91%
Irlandia Dublin
91%
Finlandia Helsinki
91%
Chorwacja Zagrzeb
91%
Wielka Brytania Londyn
90%
Rosja Moskwa
90%
Norwegia Oslo
89%
Portugalia Lizbona
88%
Włochy Rzym
88%
Bułgaria Sofia
88%
Ukraina Kijów
87%
Łotwa Ryga
87%
Litwa Wilno
87%
Luksemburg Luksemburg
86%
Monako Monako
86%
Albania Tirana
86%
Watykan Watykan
86%
Węgry Budapeszt
85%
Islandia Reykjavík
85%
Rumunia Bukareszt
84%
Estonia Tallinn
84%
Słowacja Bratysława
83%
Szwecja Sztokholm
82%
Bośnia i Hercegowina Sarajewo
81%
Turcja Stambuł
78%
Mołdawia Kiszyniów
73%
Serbia Belgrad
72%
Słowenia Lublana
68%
Czarnogóra Podgorica
68%
Kosowo Prisztina
66%
Macedonia Północna Skopje
66%
Szwajcaria Zurych
60%
Belgia Antwerpia
49%
Liechtenstein Schaan
6%
San Marino Dogana
1%
Malta (local council) Saint Paul’s Bay
1%
Nie znaleziono quizów pasujących do podanych kryteriów
Rozkład punktacji
Procent ludzi z każdym wynikiem
Percentyl według liczby udzielonych odpowiedzi
Twoja historia wyników
Nie rozwiązałeś tego quizu od ostatniego zresetowania